The coming revival : (Record no. 2929)
[ view plain ]
| 000 -LEADER | |
|---|---|
| fixed length control field | 01209pam a2200337 a 4500 |
| 001 - CONTROL NUMBER | |
| control field | 3962707 |
| 003 - CONTROL NUMBER IDENTIFIER | |
| control field | GBCCL |
| 005 - DATE AND TIME OF LATEST TRANSACTION | |
| control field | 20241126110443.0 |
| 008 - FIXED-LENGTH DATA ELEMENTS--GENERAL INFORMATION | |
| fixed length control field | 941202s1995 flua b 000 0 eng |
| 010 ## - | |
| -- | 94046680 |
| 020 ## - INTERNATIONAL STANDARD BOOK NUMBER | |
| International Standard Book Number | 1563990652 : |
| Terms of availability | $14.99 |
| 020 ## - INTERNATIONAL STANDARD BOOK NUMBER | |
| International Standard Book Number | 1563990644 (pbk.) : |
| Terms of availability | $8.99 |
| 040 ## - CATALOGING SOURCE | |
| Original cataloging agency | DLC |
| Transcribing agency | DLC |
| Modifying agency | DLC |
| 043 ## - | |
| -- | n-us--- |
| 050 00 - | |
| -- | BR526 |
| -- | .B75 1995 |
| 082 00 - DEWEY DECIMAL CLASSIFICATION NUMBER | |
| Classification number | 269.24 |
| Edition information | 20 |
| Item number | BRI |
| 100 1# - MAIN ENTRY--PERSONAL NAME | |
| Personal name | Bright, Bill. |
| 9 (RLIN) | 5085 |
| 245 14 - TITLE STATEMENT | |
| Title | The coming revival : |
| Remainder of title | America's call to fast, pray, and "seek God's face" / |
| Statement of responsibility, etc. | Bill Bright. |
| 260 ## - PUBLICATION, DISTRIBUTION, ETC. | |
| Place of publication, distribution, etc. | Orlando, FL : |
| Name of publisher, distributor, etc. | NewLife Publications, |
| Date of publication, distribution, etc. | c1995. |
| 300 ## - PHYSICAL DESCRIPTION | |
| Extent | 223 p. : |
| Other physical details | ill. ; |
| Dimensions | 22 cm. |
| 504 ## - BIBLIOGRAPHY, ETC. NOTE | |
| Bibliography, etc. note | Includes bibliographical references (p. 222-223). |
| 650 #0 - SUBJECT ADDED ENTRY--TOPICAL TERM | |
| Topical term or geographic name entry element | Christianity |
| Geographic subdivision | United States. |
| 9 (RLIN) | 996 |
| 650 #0 - SUBJECT ADDED ENTRY--TOPICAL TERM | |
| Topical term or geographic name entry element | Church renewal. |
| 9 (RLIN) | 963 |
| 650 #0 - SUBJECT ADDED ENTRY--TOPICAL TERM | |
| Topical term or geographic name entry element | Prayer |
| General subdivision | Christianity. |
| 9 (RLIN) | 227 |
| 650 #0 - SUBJECT ADDED ENTRY--TOPICAL TERM | |
| Topical term or geographic name entry element | Fasting |
| General subdivision | Religious aspects |
| -- | Christianity. |
| 9 (RLIN) | 6109 |
| 650 #0 - SUBJECT ADDED ENTRY--TOPICAL TERM | |
| Topical term or geographic name entry element | Revivals |
| Geographic subdivision | United States. |
| 9 (RLIN) | 1498 |
| 651 #0 - SUBJECT ADDED ENTRY--GEOGRAPHIC NAME | |
| Geographic name | United States |
| General subdivision | Moral conditions. |
| 9 (RLIN) | 1029 |
| 906 ## - LOCAL DATA ELEMENT F, LDF (RLIN) | |
| a | 7 |
| b | cbc |
| c | orignew |
| d | 1 |
| e | ocip |
| f | 19 |
| g | y-gencatlg |
| 942 ## - ADDED ENTRY ELEMENTS (KOHA) | |
| Source of classification or shelving scheme | Dewey Decimal Classification |
| Koha item type | Books |
| Withdrawn status | Lost status | Source of classification or shelving scheme | Damaged status | Not for loan | Home library | Current Library | Shelving location | Date acquired | Total checkouts | Full call number | Barcode | Date last seen | Copy number | Price effective from | Koha item type |
|---|---|---|---|---|---|---|---|---|---|---|---|---|---|---|---|
| Dewey Decimal Classification | GRACE BIBLE COLLEGE | GRACE BIBLE COLLEGE | Ministry & Mission | 2017-10-09 | 269.24 BRI | 008537 | 2025-05-01 | c.1 | 2017-10-09 | Books |